Wszystkie Dobre Postacie z Skibidi Toilet - Statystyki

Ogólne statystyki
  • Ten quiz został rozwiązany 149 razy
    111 od ostatniego zresetowania
  • Średni wynik to 6 z 43
Statystyki odpowiedzi
Pierwsze
Wystąpeinie
Nazwa % Poprawnych
7 Cameraman
91%
18 Titan Cameraman
62%
24 Speakerman
57%
41 Titan TV man
57%
39 TV man
57%
26 Titan Speakerman
51%
11 Large Cameraman
48%
49 TV woman
34%
40 Large TV man
30%
29 CameraWoman
27%
61 Speaker Woman
26%
23 Scientist cameraman
17%
48 Plunger Cameraman
13%
44 Titan Cinema man
9%
66 Scientist TV man
8%
36 Large Scientist Cameraman
7%
50 Titan Cameraman 2.0
7%
67 (part 3) Titan TV man 2.0
7%
13 Camera Strider
6%
16 Camera Toilet
6%
24 Giant Speakerman
5%
25 Speaker Strider
5%
57(part 3) Titan Speakerman 2.0
5%
24 Speaker Helicopter
3%
18 Giant Cameraman
2%
66 Giant TV man
2%
37 Camera Car
1%
11 Camera Dron
1%
64 Titan cameraman 3.0
1%
67 (part 1) Buzzsaw Titan Cameraman
0%
54 Camera Bot
0%
17 Camera Laser
0%
66 Camera laucher helicopter
0%
63 Camera Plane
0%
27 Camera Recorder
0%
53 Camera Tank
0%
66 Giant Jetpack cameraman
0%
67 (part 1) Large Jetpack Cameraman
0%
23 Mechanic Camera
0%
23 Mechanic Camera Dron
0%
63 Plunger Cameraman 2.0
0%
52 Solider Cameraman
0%
63 Speakerman 2.0
0%
Nie znaleziono quizów pasujących do podanych kryteriów
Rozkład punktacji
Procent ludzi z każdym wynikiem
Percentyl według liczby udzielonych odpowiedzi
Twoja historia wyników
Nie rozwiązałeś tego quizu od ostatniego zresetowania